00625nam a2200193Ia 4500008004100000041000800041082001800049100002400067245004100091250001300132260003300145300000900178500003100187650001500218700002400233906000700257999001700264952015000281230125s9999 xx 000 0 und d aeng a658.4033bCHI aChitale R H9106304 aStatistical and Quantitative Methods a13th Ed. c2012bNirali PrakashanaPune a258p aQuantitative Techniques;QT aStatistics aChitale R H9106304 b72 c97045d97045 02104070aHIMRbHIMRd2012-09-11eSatya Gilanig360.00o658.4033 CHI B11391pHIMR-BK-11391r2023-01-25 00:00:00v288.00w2023-01-25yBKzB11391